| 000 | 00673 a2200181 4500 | ||
|---|---|---|---|
| 999 |
_c4891 _d4891 |
||
| 020 | _a9781928232087 (paperback) | ||
| 050 | 0 | 0 | _aRC606.6 MOY 2015 |
| 100 | 1 | _aMoyle, Didi. | |
| 245 | 1 | 0 |
_aSpeaking Truth to Power : _bthe story of the AIDS Law Project / _cDidi Moyle. |
| 264 | 1 |
_aAuckland Park, South Africa : _bJacana Media, _c2015. |
|
| 300 |
_axix, 498 pages, 8 unnumbered pages of plates : _b ill. (col) ; |
||
| 500 | _aincludes index. | ||
| 504 | _aIncludes bibliographical references. | ||
| 650 | 0 | _aAIDS activists -- South Africa | |
| 650 | 0 |
_aAIDS (Disease) _xLaw and legislation |
|
| 650 | 0 | _aLaw and legislation -- South Africa. | |
| 942 |
_2lcc _cBK _h606.6 _iMOY _kRC |
||